000 00526nam a2200193Ia 4500
005 20250508160910.0
008 008 250505s9999 xx 000 0 eng d
020 _a0-04-297034-2
037 _aTextual
040 _aFEDL
_beng
_cFEDL
041 _aeng
_2eng
084 _a297, NAS
_qFEDL
100 _aNasr Seyyed Hossein
245 0 _aIdeals and realities of Islam
260 _aLondon, UK
_bGeorge Allen and Unwin Ltd.
_c1975
300 _a188p
942 _cTEXL
_h297, NAS
999 _c1367276
_d1367276